Principios de sociología : panorama sociológico de México.

Guardado en:
Bibliografiske detaljer
Hovedforfatter: Vicencio Tovar, Abel (autor)
Format: Bog
Sprog:spansk
Fag:
Tags: Tilføj Tag
Ingen Tags, Vær først til at tagge denne postø!

MARC

LEADER 00000cam^a2200000uu^4500
001 000485212
005 20250521000000.0
008 032008s1973^^^^^^^^^^^^rd^r^^000^0^spa^d
009 20260310125152.417
035 |a FCE 000028281 
035 |a FCE 025668 
037 |a Acervo ITESO - Biblioteca 
041 |a spa 
082 0 4 |a 301.72  |b VICp 
100 |a Vicencio Tovar, Abel  |e (autor) 
245 1 0 |a Principios de sociología :  |b panorama sociológico de México. 
264 |a México :  |b JUS,  |c 1973. 
300 |a 179 p. 
336 |a texto  |b txt  |2 rdacontenido 
337 |a sin mediación  |b n  |2 rdamedio 
338 |a volumen  |b nc  |2 rdasoporte 
649 |a XX 
650 |a Historia 
650 |a Sociología 
650 |a Acción social 
650 |a Factor social 
650 |a Actitud social 
910 |a Fondo Centro de Estudios Educativos 
920 |a Impresos - Libros 
930 |a Fondos Especiales 
905 |a 133 
901 |a ALE025668  |b IT2  |c CEE  |u 20250521 
902 |a https://opac.biblio.iteso.mx/vufind/Record/000485212